000 00523nam a2200193Ia 4500
999 _c14789
_d14789
003 OSt
005 20201103102418.0
008 190216s9999||||xx |||||||||||||| ||und||
020 _a9788120345362
040 _coclc
082 _a824
_bNAR/C
100 _aNarayan, R K
_94797
245 0 _aCritical Essays /
_cR K Narayan
250 _a1st Ed.
260 _bPHI Learning Private Limited,
_c2012.
_aNew Delhi:
300 _a246p
650 _aEnglish
942 _cBK
_2ddc
_h824
_iNAR/C
_k824
_mNAR/C